• 首页
  • 本馆介绍
  • 公告通知
  • 最新文献
  • 馆藏检索
  • 电子资源
  • 读者导购
  • 参考咨询
  • 我的图书馆
  • 登录
  • 详细信息显示
  • 放入我的书架
  • 预约/预借图书
  • 作者相关作品
  • 分类相关作品
  • 丛书相关作品
  • 出版社相关作品

书目信息

  • 表格格式
  • 工作单格式
  • 卡片格式
题名:
药理学
    
 
作者: 本书编写组 编
分册:  
出版信息: 北京   战士出版社  1981.01
页数: 324页
开本: 19cm
丛书名:
单 册:
中图分类: R96
科图分类:
主题词: 药理学
电子资源:
ISBN:
000 00463nam0 2200181 45
001 0181012916
005 20070804081319.98
010    @dCNY0.99
100    @a20810111d km y0chiy0120 ea
101 0  @achi
200 1  @Ayao li xue@FBen Shu Bian Xie Zu Bian@a药理学@f本书编写组编
210    @a北京@c战士出版社@d1981.01
215    @a324页@d19cm
606 0  @a药理学
690    @aR96
701 0  @a本书编写组@4编
801    @aCN@bTSTC@c20070804
905    @dR96@e2@f1@b40208
    
    药理学/本书编写组编.-北京:战士出版社,1981.01
    324页;19cm
    
    
    ISBN :CNY0.99
    
●
相关链接 在E读中查询图书 在五车中查询图书 在当当中查询图书 在豆瓣中查询图书


正题名:药理学     索取号:R96/2         预约/预借

序号 登录号 条形码 馆藏地/架位号 状态 备注
1 0040208   001698915   第三借阅区/ [索取号:R96/2] 在馆    
2 0040209   001698924   第二样本阅览室/ [索取号:R96/2] 在馆    
3 0791595   207915951   密集书库/ [索取号:R96/2] 在馆    
唐山师范学院图书馆 欢迎您!
大连网信软件有限公司© 版权所有